[Event "Titled Tuesday intern op 17th Aug"]
[Site "Chess.com INT"]
[Date "2021.08.17"]
[Round "7"]
[White "Berezin, Viktor"]
[Black "Sanchez, Roberto Daniel"]
[Result "1-0"]
[WhiteElo "1890"]
[BlackElo "1970"]
[PlyCount "29"]
[EventDate "2021.08.17"]
[EventType "swiss (blitz)"]
[EventRounds "11"]
[EventCountry "USA"]
[SourceTitle "EXT 2022"]
[Source "ChessBase"]
[SourceDate "2021.10.06"]
[SourceVersion "1"]
[SourceVersionDate "2021.10.06"]
[SourceQuality "1"]

1. d4 d5 2. c4 c6 3. Nc3 Nf6 4. Nf3 dxc4 5. e4 b5 6. e5 Nd5 7. Ne4 e6 8. a4 a6 9. axb5 cxb5 10. Bg5 f6 11. exf6 gxf6 12. Ne5 h5 13. Ng6 Rg8 14. Nxf8 Rxg5 15. Nxg5 1-0

[Event "Titled Tuesday intern op 10th Aug"]
[Site "Chess.com INT"]
[Date "2021.08.10"]
[Round "4"]
[White "Berezin, Viktor"]
[Black "De Souza, Cristiano Gomes"]
[Result "0-1"]
[WhiteElo "1890"]
[BlackElo "2018"]
[PlyCount "64"]
[EventDate "2021.08.10"]
[EventType "swiss (blitz)"]
[EventRounds "11"]
[EventCountry "USA"]
[SourceTitle "CBM 203 Extra"]
[Source "ChessBase"]
[SourceDate "2021.09.30"]
[SourceVersion "1"]
[SourceVersionDate "2021.09.30"]
[SourceQuality "1"]

1. e4 c5 2. Nf3 d6 3. d4 cxd4 4. Nxd4 Nf6 5. Nc3 a6 6. a4 e5 7. Nf3 Be6 8. Bd3 Nc6 9. 0-0 d5 10. exd5 Nxd5 11. Nxd5 Bxd5 12. Re1 Bd6 13. Bd2 0-0 14. Bc3 Bxf3 15. Qxf3 f5 16. Qd5+ Kh8 17. Re2 e4 18. Bc4 Be7 19. Qxd8 Raxd8 20. Rd2 Bg5 21. Rxd8 Rxd8 22. Kf1 h6 23. Ke2 Nd4+ 24. Bxd4 Rxd4 25. Bb3 Rd2+ 26. Ke1 e3 27. fxe3 Rxg2 28. Rd1 Rxh2 29. Rd7 Bxe3 30. Rxb7 f4 31. a5 f3 32. Rf7 Rh1# 0-1

[Event "Titled Tuesday intern op 08th June"]
[Site "Chess.com INT"]
[Date "2021.06.08"]
[Round "7"]
[White "Berezin, Viktor"]
[Black "Hansen, Soren Bech"]
[Result "0-1"]
[WhiteElo "1924"]
[BlackElo "2274"]
[PlyCount "82"]
[EventDate "2021.06.08"]
[EventType "swiss (blitz)"]
[EventRounds "11"]
[EventCountry "USA"]
[SourceTitle "CBM 202 Extra"]
[Source "ChessBase"]
[SourceDate "2021.07.31"]
[SourceVersion "1"]
[SourceVersionDate "2021.07.31"]
[SourceQuality "1"]

1. c4 Nf6 2. Nc3 e6 3. d4 Bb4 4. Qc2 0-0 5. Nf3 b6 6. g3 Ba6 7. a3 Bxc3+ 8. Qxc3 c5 9. Bg2 d5 10. Ne5 Nfd7 11. b3 cxd4 12. Qxd4 Nxe5 13. Qxe5 Nd7 14. Qd6 dxc4 15. Bxa8 Qxa8 16. 0-0 Nf6 17. bxc4 Bxc4 18. Re1 Rd8 19. Qb4 b5 20. Bb2 Nd5 21. Qc5 Rc8 22. Qd4 f6 23. Rac1 e5 24. Qg4 Qb7 25. e4 Ne7 26. f4 Qb6+ 27. Kg2 exf4 28. gxf4 Rd8 29. Red1 Rf8 30. Rd7 Ng6 31. Qg3 Qc6 32. Rd4 Qc5 33. Qe3 Qh5 34. Re1 Qg4+ 35. Qg3 Nxf4+ 36. Kh1 Qxg3 37. hxg3 Ne6 38. Rd7 Ng5 39. Rxa7 Rd8 40. Kg2 Rd2+ 41. Kg1 Nf3+ 0-1

[Event "Kimry Summer op"]
[Site "Kimry"]
[Date "2016.06.11"]
[Round "7"]
[White "Berezin, Viktor"]
[Black "Fomin, Nikita"]
[Result "1-0"]
[WhiteElo "1954"]
[BlackElo "1439"]
[PlyCount "41"]
[EventDate "2016.06.08"]
[EventType "swiss"]
[EventRounds "7"]
[EventCountry "RUS"]
[SourceTitle "CBM 172 Extra"]
[Source "ChessBase"]
[SourceDate "2016.06.21"]
[SourceVersion "1"]
[SourceVersionDate "2016.06.21"]
[SourceQuality "1"]

1. e4 e5 2. Nf3 Nc6 3. Bb5 Bc5 4. c3 d6 5. d4 exd4 6. cxd4 Bb4+ 7. Bd2 Bxd2+ 8. Nbxd2 d5 9. e5 Nge7 10. 0-0 Bf5 11. Nh4 Qd7 12. Nxf5 Qxf5 13. Nf3 h5 14. Bd3 Qd7 15. Rc1 0-0-0 16. Re1 Rdg8 17. Ng5 Nf5 18. Rxc6 bxc6 19. Ba6+ Kd8 20. e6 Qe7 21. Qb3 1-0

[Event "Kimry Summer op"]
[Site "Kimry"]
[Date "2016.06.09"]
[Round "4"]
[White "Berezin, Viktor"]
[Black "Struzhkin, Denis"]
[Result "0-1"]
[WhiteElo "1954"]
[BlackElo "2102"]
[PlyCount "82"]
[EventDate "2016.06.08"]
[EventType "swiss"]
[EventRounds "7"]
[EventCountry "RUS"]
[SourceTitle "CBM 172 Extra"]
[Source "ChessBase"]
[SourceDate "2016.06.21"]
[SourceVersion "1"]
[SourceVersionDate "2016.06.21"]
[SourceQuality "1"]

1. c4 Nf6 2. Nf3 g6 3. Nc3 Bg7 4. g3 d6 5. Bg2 h5 6. d4 c6 7. Bg5 Bf5 8. Qb3 b6 9. Rd1 Ne4 10. Nxe4 Bxe4 11. Nh4 Bxg2 12. Nxg2 Nd7 13. 0-0 Nf6 14. f3 Qc7 15. e4 0-0-0 16. c5 d5 17. Bf4 Qb7 18. cxb6 Qxb6 19. Qc2 dxe4 20. fxe4 Ng4 21. Kh1 Bxd4 22. Rxd4 Rxd4 23. h3 Qb5 24. Kg1 Rc4 25. Qe2 Nf6 26. e5 Nd5 27. Bg5 Rf8 28. Bh6 Rd8 29. Kh2 Rb4 30. Qf2 Rxb2 31. Qxf7 Qe2 32. Qe6+ Kb7 33. Rg1 c5 34. Qxg6 c4 35. Bg7 Ne3 36. Qe4+ Kb6 37. Kh1 Nxg2 38. Qxg2 Qxg2+ 39. Rxg2 Rd1+ 40. Rg1 Rxg1+ 41. Kxg1 Rb1+ 0-1

[Event "Kimry Summer op 66th"]
[Site "Kimry"]
[Date "2013.06.11"]
[Round "7"]
[White "Berezin, Viktor"]
[Black "Struzhkin, Denis"]
[Result "0-1"]
[WhiteElo "2088"]
[BlackElo "2084"]
[PlyCount "102"]
[EventDate "2013.06.08"]
[EventType "swiss"]
[EventRounds "7"]
[EventCountry "RUS"]
[SourceTitle "CBM 155 Extra"]
[Source "ChessBase"]
[SourceDate "2013.08.26"]
[SourceVersion "1"]
[SourceVersionDate "2013.08.26"]
[SourceQuality "1"]

1. d4 Nf6 2. Nf3 g6 3. g3 Bg7 4. Bg2 0-0 5. 0-0 d6 6. Nc3 c6 7. e4 Bg4 8. h3 Bxf3 9. Bxf3 e5 10. dxe5 dxe5 11. Qxd8 Rxd8 12. Be3 Na6 13. a3 Bf8 14. b4 Nc7 15. Rfd1 Rdc8 16. Na4 Ne6 17. Rd2 c5 18. bxc5 Bxc5 19. Nxc5 Nxc5 20. Bxc5 Rxc5 21. Rd6 Kg7 22. Rb1 b6 23. a4 Rac8 24. Rb5 Rxb5 25. axb5 Rxc2 26. Rd8 Ra2 27. Bg2 Ra1+ 28. Kh2 Ra5 29. Ra8 g5 30. f4 gxf4 31. gxf4 exf4 32. e5 Nh5 33. Bf3 Ra2+ 34. Kg1 Ng3 35. Rc8 Rb2 36. Rc7 Rxb5 37. e6 Re5 38. Rxf7+ Kg6 39. Rxa7 Rxe6 40. Ra4 Kg5 41. h4+ Kf5 42. Ra8 Re3 43. Rf8+ Ke5 44. Kf2 Rb3 45. Rh8 Rb2+ 46. Ke1 Kd4 47. Rxh7 Ke3 48. Bd1 Rh2 49. Re7+ Ne4 50. Be2 Rxe2+ 51. Kd1 f3 0-1

[Event "Kimry Summer op 63rd"]
[Site "Kimry"]
[Date "2012.06.09"]
[Round "3"]
[White "Struzhkin, Denis"]
[Black "Berezin, Viktor"]
[Result "1/2-1/2"]
[WhiteElo "2058"]
[BlackElo "2133"]
[PlyCount "43"]
[EventDate "2012.06.08"]
[EventType "swiss"]
[EventRounds "7"]
[EventCountry "RUS"]
[SourceTitle "EXT 2014"]
[Source "ChessBase"]
[SourceDate "2013.11.20"]
[SourceVersion "1"]
[SourceVersionDate "2013.11.20"]
[SourceQuality "1"]

1. e4 e5 2. Nf3 Nc6 3. Bb5 a6 4. Bxc6 dxc6 5. 0-0 f6 6. d4 exd4 7. Nxd4 Bd6 8. Nc3 Ne7 9. Be3 0-0 10. f4 c5 11. Nb3 b6 12. Qe2 Be6 13. e5 fxe5 14. fxe5 Rxf1+ 15. Rxf1 Bxe5 16. Bxc5 Bxb3 17. axb3 Bxc3 18. Bxe7 Bd4+ 19. Kh1 Qd5 20. c4 Qc6 21. Qg4 Re8 22. Qxd4 1/2-1/2

[Event "Kimry op Aug"]
[Site "Kimry"]
[Date "2011.08.29"]
[Round "2"]
[White "Berezin, Viktor"]
[Black "Dugin, Andrey"]
[Result "1-0"]
[WhiteElo "2175"]
[BlackElo "1738"]
[PlyCount "103"]
[EventDate "2011.08.29"]
[EventType "swiss"]
[EventRounds "7"]
[EventCountry "RUS"]
[SourceTitle "CBM 144 Extra"]
[Source "ChessBase"]
[SourceDate "2011.10.28"]
[SourceVersion "1"]
[SourceVersionDate "2011.10.28"]
[SourceQuality "1"]

1. e4 d5 2. exd5 Nf6 3. d4 Nxd5 4. c4 Nb6 5. Nf3 Bf5 6. Nc3 e6 7. Be3 N8d7 8. c5 Nd5 9. Nxd5 exd5 10. Qb3 Nf6 11. Qxb7 Rb8 12. Bb5+ Bd7 13. Bxd7+ Nxd7 14. Qxd5 Rxb2 15. 0-0-0 Qb8 16. Qe4+ Be7 17. Bg5 f6 18. Rhe1 Rb1+ 19. Qxb1 Qxb1+ 20. Kxb1 fxg5 21. Nxg5 Nf6 22. d5 Kd7 23. d6 cxd6 24. cxd6 Bd8 25. Nf7 Rf8 26. Re7+ Bxe7 27. Ne5+ Ke8 28. dxe7 Kxe7 29. Rd4 Ke6 30. f4 g5 31. Nc4 gxf4 32. Rxf4 Rd8 33. Kc2 Rg8 34. g3 Ng4 35. h3 Nf6 36. g4 Rg5 37. Ne3 h5 38. Ra4 a5 39. h4 Rc5+ 40. Kd3 hxg4 41. Nxg4 Nxg4 42. Rxg4 Rh5 43. Kd4 Rd5+ 44. Kc4 Rd7 45. Rg6+ Kf5 46. Rg5+ Kf4 47. Rxa5 Kg4 48. h5 Rd6 49. a4 Rc6+ 50. Rc5 Ra6 51. Kb5 Ra8 52. a5 1-0

[Event "Kimry Summer op"]
[Site "Kimry"]
[Date "2011.06.08"]
[Round "2"]
[White "Atamyradova, Zheren"]
[Black "Berezin, Viktor"]
[Result "0-1"]
[WhiteElo "1565"]
[BlackElo "2169"]
[PlyCount "61"]
[EventDate "2011.06.08"]
[EventType "tourn"]
[EventRounds "7"]
[EventCountry "RUS"]
[SourceTitle "CBM 142 Extra"]
[Source "ChessBase"]
[SourceDate "2011.06.27"]
[SourceVersion "1"]
[SourceVersionDate "2011.06.27"]
[SourceQuality "1"]

1. d4 Nf6 2. c4 g6 3. Nc3 d5 4. c5 Bg7 5. Nf3 0-0 6. Bg5 Ne4 7. Qc2 Nxg5 8. Nxg5 Bxd4 9. b4 Bf5 10. Qb3 Nc6 11. e3 Bxc3+ 12. Qxc3 e5 13. Nf3 d4 14. Qb3 a5 15. b5 Nb4 16. Rc1 d3 17. Qc3 Nxa2 18. Qd2 Nxc1 19. Qxc1 Qd5 20. Qc3 f6 21. Nh4 e4 22. f3 a4 23. Nxf5 gxf5 24. fxe4 fxe4 25. g3 a3 26. Bg2 d2+ 27. Qxd2 Qxd2+ 28. Kxd2 Rfd8+ 29. Kc2 f5 30. h3 Rd5 31. b6 0-1

[Event "Kimry Summer op 45th"]
[Site "Kimry"]
[Date "2009.06.14"]
[Round "7"]
[White "Bik Mukhamedov, Mikhail"]
[Black "Berezin, Viktor"]
[Result "0-1"]
[WhiteElo "1894"]
[BlackElo "2216"]
[PlyCount "78"]
[EventDate "2009.06.11"]
[EventType "swiss"]
[EventRounds "8"]
[EventCountry "RUS"]
[SourceTitle "EXT 2022"]
[Source "ChessBase"]
[SourceDate "2021.10.06"]
[SourceVersion "1"]
[SourceVersionDate "2021.10.06"]
[SourceQuality "1"]

1. e4 e5 2. Nf3 Nc6 3. d4 exd4 4. Nxd4 Nf6 5. f3 d5 6. exd5 Nxd4 7. Qxd4 Qxd5 8. Be3 Bf5 9. c3 Bd6 10. Bc4 Qe5 11. Nd2 0-0 12. Kf2 Rfe8 13. Rae1 Rad8 14. Qxa7 Bc5 15. Qxc5 Rxd2+ 16. Re2 Qxc5 17. Bxc5 Rexe2+ 18. Bxe2 Bd3 19. Re1 Rxb2 20. Ke3 Bxe2 21. Rxe2 Nd5+ 22. Kf2 Rxe2+ 23. Kxe2 b6 24. Bd4 c5 25. Be5 f6 26. Bb8 c4 27. Kd2 Kf7 28. Bd6 Ke6 29. Bf8 g6 30. g3 Ke5 31. a4 h5 32. Bh6 g5 33. h3 h4 34. f4+ Nxf4 35. gxf4+ Kxf4 36. Bg7 g4 37. hxg4 h3 38. Bf8 Ke5 39. g5 fxg5 0-1